Building teen excitement: (Record no. 12490)

000 -LEADER
fixed length control field 00572nam a2200181 a 4500
001 - CONTROL NUMBER
control field :::00010292$&:&@@
003 - CONTROL NUMBER IDENTIFIER
control field OkBaRHE
005 - DATE AND TIME OF LATEST TRANSACTION
control field 20000607103357.0
008 - FIXED-LENGTH DATA ELEMENTS--GENERAL INFORMATION
fixed length control field s1986 j 000 0 eng u
040 ## - CATALOGING SOURCE
Transcribing agency
100 1# - MAIN ENTRY--PERSONAL NAME
Personal name Pollock, Shirley E., 1913-
245 10 - TITLE STATEMENT
Title Building teen excitement:
Remainder of title a youth worker's guide.
260 ## - PUBLICATION, DISTRIBUTION, ETC. (IMPRINT)
Place of publication, distribution, etc Nashville, TN., :
Name of publisher, distributor, etc Abingdon Press
Date of publication, distribution, etc 1986
300 ## - PHYSICAL DESCRIPTION
Extent 79 p. ;
Dimensions 28 cm.
650 ## - SUBJECT ADDED ENTRY--TOPICAL TERM
Topical term or geographic name as entry element Church Work with Youth
942 ## - ADDED ENTRY ELEMENTS (KOHA)
Source of classification or shelving scheme
Koha item type Books
Copies
Withdrawn status Price effective from Copy number Shelving location Not for loan Koha item type Date last seen Permanent Location Damaged status Lost status Date acquired Barcode Full call number Source of classification or shelving scheme
 2010-04-141General Stacks Books2010-04-14RHEMA Bible Training College  2010-04-1410292BV 4447 .P59